Music Quiz

Random Music or Billboard Quiz

Billboard Hits: He Said, She Said Quiz Stats

 Plays Quiz not verified by Sporcle

Challenge
Share
Tweet
Embed
Score 0/38 Timer 10:00
0 Plays Today
Artist Song % Correct
Fine Young CannibalsShe Drives Me Crazy
82%
Thomas DolbyShe Blinded Me With Science
76%
The BeatlesShe Loves You
76%
Patrick SwayzeShe's Like The Wind
64%
Cyndi LauperShe Bop
64%
The ChiffonsHe's So Fine
62%
The ZombiesShe's Not There
62%
Tom JonesShe's A Lady
60%
The TubesShe's A Beauty
50%
Maroon 5She Will Be Loved
48%
Lil WayneShe Will
46%
Donna SummerShe Works Hard For The Money
46%
Pointer SistersHe's So Shy
40%
Daryl Hall and John OatesShe's Gone
38%
Tony Orlando and DawnHe Don't Love You
36%
The CrystalsHe's A Rebel
36%
Michael JacksonShe's Out Of My Life
32%
The HolliesHe Ain't Heavy, He's My Brother
30%
Sister SledgeHe's The Greatest Dancer
26%
Artist Song % Correct
Kenny RogersShe Believes In Me
26%
Rick AstleyShe Wants To Dance With Me
26%
Jim ReevesHe'll Have To Go
24%
Toni BraxtonHe Wasn't Man Enough
22%
The BeatlesShe's A Woman
22%
Glenn MedeirosShe Ain't Worth It
20%
Laurie LondonHe's Got The Whole World
16%
Ricky MartinShe's All I Ever Had
16%
Lesley GoreShe's A Fool
16%
DreamHe Loves You Not
14%
MokenstefHe's Mine
14%
The TurtlesShe'd Rather Be With Me
14%
Jay and The AmericansShe Cried
12%
Hannah MontanaHe Could Be The One
10%
Hi-FiveShe's Playing Hard To Get
10%
Jeanne BlackHe'll Have To Stay
8%
Gary Lewis & The PlayboysShe's Just My Style
8%
Elvis PresleyShe's Not You
8%
Jerry ButlerHe Will Break Your Heart
6%

You're not logged in!

Compare scores with friends on all Sporcle quizzes.
Join for Free
OR
Log In

You Might Also Like...

Show Comments

Extras

Top Quizzes Today


Score Distribution

Your Account Isn't Verified!

In order to create a playlist on Sporcle, you need to verify the email address you used during registration. Go to your Sporcle Settings to finish the process.

Report this User

Report this user for behavior that violates our Community Guidelines.

Details: